| 000 | 00481nam a2200181Ia 4500 | ||
|---|---|---|---|
| 008 | 240925s9999 xx 000 0 und d | ||
| 020 | _a9789834710569 | ||
| 082 | _a658.4038011 JAL | ||
| 100 | _aJalaludin, Farah Waheeda | ||
| 245 | 0 | _aInformation Systems: an introduction | |
| 250 | _aNA | ||
| 260 |
_aNew York: _bOxford University Press _c,2014. |
||
| 300 |
_a586p. _b0 _fOriginal |
||
| 500 | _aIncludes Index | ||
| 600 | _aManagement | ||
| 650 | _aManagement | ||
| 942 | _cBK | ||
| 999 |
_c15145 _d15145 |
||